Quality improvement / (Record no. 2920)

MARC details
000 -LEADER
fixed length control field 00709nam a2200229 ar4500
001 - CONTROL NUMBER
control field 2922
005 - DATE AND TIME OF LATEST TRANSACTION
control field 20221127090626.0
008 - FIXED-LENGTH DATA ELEMENTS--GENERAL INFORMATION
fixed length control field 121002s xxua 00110|eng d
020 ## - INTERNATIONAL STANDARD BOOK NUMBER
International Standard Book Number 9780132877671(pbk) :
Terms of availability SR246.00
082 04 - DEWEY DECIMAL CLASSIFICATION NUMBER
Classification number 658.4013
Item number B464 2013
100 1# - MAIN ENTRY--PERSONAL NAME
Personal name Besterfield, Dale H.
245 10 - TITLE STATEMENT
Title Quality improvement /
Statement of responsibility, etc. Dale H. Besterfield.
247 1# - FORMER TITLE
Title Quality control.
250 ## - EDITION STATEMENT
Edition statement 9th ed.
260 ## - PUBLICATION, DISTRIBUTION, ETC.
Place of publication, distribution, etc. Boston, Mass. :
Name of publisher, distributor, etc. Pearson,
Date of publication, distribution, etc. 2013.
300 ## - PHYSICAL DESCRIPTION
Extent vi, 267 p. :
Other physical details ill. ;
Dimensions 28 cm.
500 ## - GENERAL NOTE
General note Formerly entitled : Quality control.
500 ## - GENERAL NOTE
General note Prev. ed. : 2009.
504 ## - BIBLIOGRAPHY, ETC. NOTE
Bibliography, etc. note Includes bibl. references and index.
650 #4 - SUBJECT ADDED ENTRY--TOPICAL TERM
Topical term or geographic name entry element Total quality management.
650 #4 - SUBJECT ADDED ENTRY--TOPICAL TERM
Topical term or geographic name entry element Quality control
General subdivision Standards.
Holdings
Withdrawn status Lost status Source of classification or shelving scheme Damaged status Not for loan Home library Current library Date acquired Total Checkouts Full call number Barcode Date last seen Copy number Price effective from Koha item type
              11/27/2022   658.4013 B464 2013 1000000008968 11/27/2022 C6 11/27/2022 Book
              11/27/2022   658.4013 B464 2013 1000000008967 11/27/2022 C7 11/27/2022 Book
          CENTRAL CENTRAL 11/27/2022   658.4013 B464 2013 1000000007088 11/27/2022 C2 11/27/2022 Book
          CENTRAL CENTRAL 11/27/2022   658.4013 B464 2013 1000000007089 11/27/2022 C3 11/27/2022 Book
          CENTRAL CENTRAL 11/27/2022   658.4013 B464 2013 1000000007085 11/27/2022 C3 11/27/2022 Book
          CENTRAL CENTRAL 11/27/2022   658.4013 B464 2013 1000000007086 11/27/2022 C5 11/27/2022 Book
          KHOBAR KHOBAR 11/27/2022   658.4013 B464 2013 1000000007087 11/27/2022 C1 11/27/2022 Book